| 000 | 00579nam a2200181Ia 4500 | ||
|---|---|---|---|
| 008 | 100920s9999 xx 000 0 und d | ||
| 082 |
_b49221 _a539 0 |
||
| 100 | _aशिरवाडकर वसंत. | ||
| 245 | _aस्फूर्तिचित्रे. | ||
| 260 |
_bपृथ्वी प्रकाशन ,मुंबई. _c0 |
||
| 300 |
_a80 _bसाधी |
||
| 365 | _b12 | ||
| 520 | _aशाआ. | ||
| 630 | _aस्फूर्तिचित्रे. | ||
| 650 | _aशाआ. | ||
| 730 | _aस्फूर्तिचित्रे. | ||
| 942 | _cBOOK | ||
| 999 |
_c695886 _d695883 |
||